<?xml version="1.0" encoding="UTF-8"?>
<marc:record xmlns:marc="http://www.loc.gov/MARC21/slim">
   <marc:leader>00000nam a2200000 a 4500</marc:leader>
   <marc:datafield ind1="1" ind2=" " tag="100">
      <marc:subfield code="a">Nordqvist, Sven</marc:subfield>
      <marc:subfield code="4">aut</marc:subfield>
      <marc:subfield code="e">Verfasser/-in</marc:subfield>
   </marc:datafield>
   <marc:datafield ind1="1" ind2=" " tag="100">
      <marc:subfield code="a">Noethen, Ulrich</marc:subfield>
   </marc:datafield>
   <marc:datafield ind1="1" ind2=" " tag="100">
      <marc:subfield code="a">Sägebrecht, Marianne</marc:subfield>
   </marc:datafield>
   <marc:datafield ind1="1" ind2=" " tag="100">
      <marc:subfield code="a">Samadi Ahadi, Ali</marc:subfield>
   </marc:datafield>
   <marc:datafield ind1="0" ind2="0" tag="245">
      <marc:subfield code="a">Pettersson und Findus: Kleiner Quälgeist - große Freundschaft</marc:subfield>
   </marc:datafield>
   <marc:datafield ind1=" " ind2="1" tag="264">
      <marc:subfield code="b">Senator home</marc:subfield>
      <marc:subfield code="c">2014</marc:subfield>
   </marc:datafield>
   <marc:datafield ind1="1" ind2=" " tag="520">
      <marc:subfield code="a">Der alte Pettersson lebt in einem kleinen, roten Haus, verbringt seine Tage mit Holzhacken, Bastelarbeiten und Erfindungen, angelt und versorgt seine Hühner. Eigentlich hat er alles was er zum Leben braucht. Doch manchmal überkommt Pettersson die Einsamkeit. Eines Tages schenkt ihm Nachbarin Beda Andersson, die sich warmherzig um alle kümmert, einen kleinen Kater, damit der alte Mann ein wenig Gesellschaft hat. Pettersson gibt ihm den Namen Findus und zieht ihn liebevoll groß. Das Glück ist perfekt, als der kleine Kater anfängt zu sprechen - eine wunderbare, scheinbar unzertrennliche Freundschaft beginnt.</marc:subfield>
   </marc:datafield>
   <marc:datafield ind1=" " ind2=" " tag="300">
      <marc:subfield code="a">1 DVD</marc:subfield>
   </marc:datafield>
</marc:record>
